Normal view
MARC view
- اللغة العربية - مهارات - قياس
Entry Topical Term
001 - CONTROL NUMBER
- control field: 12087
003 - CONTROL NUMBER IDENTIFIER
- control field: JO-AjAnu
005 - DATE AND TIME OF LATEST TRANSACTION
- control field: 20230606072234.0
008 - FIXED-LENGTH DATA ELEMENTS
- fixed length control field: 230606|| aca||aabn | a|a d
040 ## - CATALOGING SOURCE
- Original cataloging agency: JO-AjAnu
- Transcribing agency: JO-AjAnu
150 ## - HEADING--TOPICAL TERM
- Topical term or geographic name entry element: اللغة العربية - مهارات - قياس
670 ## - SOURCE DATA FOUND
- Source citation: Work cat.: (JO-AjAnu)6228: حنورة، أحمد حسن, author 12086, مقياس التمكن من القدرات والمهارات الأساسية للغة العربية (مستوى المثقفين وطلاب الجامعات)